| 000 | 00536nam a2200217Ia 4500 | ||
|---|---|---|---|
| 003 | IT-RoPAU | ||
| 008 | 120407s9999 xx 000 0 und d | ||
| 040 | _aIT-RoPAU | ||
| 040 | _cIT-RoPAU | ||
| 041 | _aita | ||
| 100 | _aA. Arrighini | ||
| 245 | _aQuinto: Non uccidere. Il rispetto alla vita: suicidio, infanticidio, omicidio, eutanasia, duello, guerra, pena di morte. | ||
| 250 | _aPadova | ||
| 260 | _aGregoriana | ||
| 260 | _c1940 | ||
| 300 | _a283 p. | ||
| 300 | _c22 cm | ||
| 490 | _v1 | ||
| 942 | _cBK | ||
| 999 |
_c31381 _d31381 |
||